The fog of fear / (Record no. 4256)

MARC details
000 -LEADER
fixed length control field 01631cam a2200373 a 4500
001 - CONTROL NUMBER
control field 4256
003 - CONTROL NUMBER IDENTIFIER
control field FISKH
005 - DATE AND TIME OF LATEST TRANSACTION
control field 20240710145409.0
008 - FIXED-LENGTH DATA ELEMENTS--GENERAL INFORMATION
fixed length control field 080725s2009 mnua j 000 1 eng
010 ## - LIBRARY OF CONGRESS CONTROL NUMBER
LC control number 2008032401
020 ## - INTERNATIONAL STANDARD BOOK NUMBER
International Standard Book Number 9781434211545 (library binding)
020 ## - INTERNATIONAL STANDARD BOOK NUMBER
International Standard Book Number 9781434213655
040 ## - CATALOGING SOURCE
Original cataloging agency DLC
Transcribing agency DLC
Modifying agency DLC
Language of cataloging eng
042 ## - AUTHENTICATION CODE
Authentication code lcac
050 ## - LIBRARY OF CONGRESS CALL NUMBER
Classification number PZ7.P87758
082 ## - DEWEY DECIMAL CLASSIFICATION NUMBER
Classification number 813.6
100 1# - MAIN ENTRY--PERSONAL NAME
Personal name Powell, Martin,
Dates associated with a name 1959-
245 14 - TITLE STATEMENT
Title The fog of fear /
Statement of responsibility, etc. written by Martin Powell ; illustrated by Erik Doescher, Mike DeCarlo, and Lee Loughridge.
260 ## - PUBLICATION, DISTRIBUTION, ETC.
Place of publication, distribution, etc. Minnesota :
Name of publisher, distributor, etc. Stone Arch Books,
Date of publication, distribution, etc. 2013.
300 ## - PHYSICAL DESCRIPTION
Extent 49 pages :
Other physical details color illustrations ;
Dimensions 19 cm
490 0# - SERIES STATEMENT
Series statement DC super heroes. Batman
500 ## - GENERAL NOTE
General note "Batman created by Bob Kane."
505 ## - FORMATTED CONTENTS NOTE
Formatted contents note R<br/>
520 ## - SUMMARY, ETC.
Summary, etc. On a bright spring morning, a dark cloud of smoke engulfs GOTHAM CITY. The fearsome SCARECROW has turned day into night. Surprisingly, the crook doesn't resist BATMAN'S attempt to arrest him. From behind the bars of his cell, the SCARECROW reveals that his evil experiment has already been set in motion. When the black smoke mixes with water, it produces a gas that fills people with fear. A thunderstorm is approaching the city. Can BATMAN save the citizens of GOTHAM from their worst nightmares?
521 ## - TARGET AUDIENCE NOTE
Target audience note 700<br/>
Source Lexile<br/>
521 ## - TARGET AUDIENCE NOTE
Target audience note R<br/>
Source Raz-Plus<br/>
650 #1 - SUBJECT ADDED ENTRY--TOPICAL TERM
Topical term or geographic name entry element Superheroes
Form subdivision Fiction.
700 1# - ADDED ENTRY--PERSONAL NAME
Personal name Doescher, Erik,
Relator term illustrator
700 1# - ADDED ENTRY--PERSONAL NAME
Personal name De Carlo, Mike,
Relator term illustrator
700 1# - ADDED ENTRY--PERSONAL NAME
Personal name Loughridge, Lee,
Relator term illustrator
906 ## - LOCAL DATA ELEMENT F, LDF (RLIN)
a 7
b cbc
c orignew
d 1
e ecip
f 20
g y-gencatlg
942 ## - ADDED ENTRY ELEMENTS (KOHA)
Source of classification or shelving scheme Dewey Decimal Classification
Koha item type Books
Suppress in OPAC No
Holdings
Withdrawn status Lost status Source of classification or shelving scheme Damaged status Not for loan Collection Home library Current library Shelving location Date acquired Total Checkouts Full call number Barcode Date last seen Price effective from Koha item type
    Dewey Decimal Classification     Juvenile Fiction Footprints International School Library Network Toul Kork Campus Footprints International School Library Network Toul Kork Campus TK Primary Library Room(4th Floor), Bookcase 5&6, Shelves 33-56, Orange Books 07/10/2024   POW 813.6 PZ7.P87758 FISTK00561 07/10/2024 07/10/2024 Books